000 00951nam a2200265Ia 4500
001 22017
005 20260320113334.0
008 260320s9999||||xx |||||||||||||| ||und||
020 _a9788409689101
041 _aESP
082 _a720.98
_bG96
100 _aGutiérrez, Ramón,
_eAUT
245 0 _aDesde adentro :
_bla construcción de la historiografía de la arquitectura colonial americana
246 _a
_5
_b
250 _aPrimera edición
260 _aBuenos Aires :
_bCEDODAL,
_c2025
300 _a159 páginas :
_bfotografías ;
_c30 cm.
_e
440 _a
_n
_v
650 _aABD
653 _aArquitectura colonial - América; Barróco; Historiografía
654 _aCAU
700 _aViñuales, Graciela M. ; Gutiérrez Viñuales, Rodrigo;
_cEDTes
856 _uhttps://0u210nky0-y-https-www-architectureopenlibrary-com.itmsp.museknowledge.com/
_zVéase además: Base de datos Architecture Open Library
942 _cLIB
_dJUS
_fMAT
_2ddc
_n
999 _c22017
_d22017